[Event "11. Europa ch 2010 Femenino"]
[Site "Rijeka CRO"]
[Date "2010.03.12"]
[Round "7.8"]
[White "Dzagnidze, Nana"]
[Black "Arakhamia Grant, Ketevan"]
[Result "0-1"]
[WhiteElo "2479"]
[BlackElo "2447"]
[PlyCount "92"]
[EventDate "2010.03.06"]
[EventType "swiss"]
[EventRounds "11"]
[EventCountry "CRO"]
[Source "lmi"]
[SourceDate "2010.03.06"]

1. d4 Nf6 2. c4 g6 3. Nc3 Bg7 4. Bg5 c5 5. d5 h6 6. Bh4 Qa5 7. Qd2 d6 8. e4 g5
9. Bg3 Nh5 10. Bd3 Nd7 11. Nge2 Ne5 12. O-O Nxg3 13. Nxg3 h5 14. Be2 g4 15. a3
Qb6 16. Qc2 h4 17. Nf5 Bxf5 18. exf5 g3 19. f4 gxh2+ 20. Kxh2 Nd7 21. Rf3 O-O-O
22. b4 Rdg8 23. Rb1 Bxc3 24. Qxc3 Nf6 25. Qb2 Ng4+ 26. Kh1 Qc7 27. Rbf1 Nf6 28.
Re3 Rg3 29. Rff3 Rhg8 30. Rxg3 hxg3 31. Qb3 Rh8+ 32. Kg1 Qb6 33. b5 Qa5 34. Qc3
Qd8 35. Bd1 Rh4 36. Bc2 Qh8 37. Rxg3 Qh6 38. Qe3 Ng4 39. Rxg4 Rxg4 40. Qxe7 Qh8
41. Be4 Rxf4 42. Bf3 Rxc4 43. f6 Rc1+ 44. Kf2 Qh4+ 45. g3 Qh2+ 46. Bg2 Rc2+ 0-1

[Event "11. Europa ch 2010 Femenino"]
[Site "Rijeka CRO"]
[Date "2010.03.12"]
[Round "7.9"]
[White "Rajlich, Iweta"]
[Black "Savina, Anastasia"]
[Result "1/2-1/2"]
[WhiteElo "2459"]
[BlackElo "2391"]
[PlyCount "51"]
[EventDate "2010.03.06"]
[EventType "swiss"]
[EventRounds "11"]
[EventCountry "CRO"]
[Source "lmi"]
[SourceDate "2010.03.06"]

1. g3 g6 2. Bg2 Bg7 3. e4 c5 4. d3 Nc6 5. f4 d6 6. Nh3 e6 7. O-O Nge7 8. c3 O-O
9. Be3 b6 10. g4 f5 11. gxf5 exf5 12. Qb3+ Kh8 13. a4 fxe4 14. dxe4 d5 15. Na3
d4 16. cxd4 Nxd4 17. Bxd4 Qxd4+ 18. Kh1 Qxb2 19. Qg3 Bxh3 20. Qxh3 Rxf4 21. Nc4
Rxf1+ 22. Rxf1 Qd4 23. Qe6 Ng8 24. Nd6 Nh6 25. Nc8 Qd8 26. Bh3 1/2-1/2

[Event "11. Europa ch 2010 Femenino"]
[Site "Rijeka CRO"]
[Date "2010.03.12"]
[Round "7.11"]
[White "Javakhishvili, Lela"]
[Black "Peng, Zhaoqin"]
[Result "1-0"]
[WhiteElo "2500"]
[BlackElo "2401"]
[PlyCount "81"]
[EventDate "2010.03.06"]
[EventType "swiss"]
[EventRounds "11"]
[EventCountry "CRO"]
[Source "lmi"]
[SourceDate "2010.03.06"]

1. d4 d5 2. c4 dxc4 3. Nf3 Nf6 4. e3 Bg4 5. h3 Bh5 6. g4 Bg6 7. Ne5 e6 8. Bxc4
Nbd7 9. Nxg6 hxg6 10. Qf3 Rb8 11. Nc3 a6 12. g5 Ng8 13. Qg2 Ne7 14. e4 Nb6 15.
Be2 Nc6 16. d5 Nd4 17. Bd3 exd5 18. Be3 c5 19. exd5 Bd6 20. O-O-O Rh4 21. Kb1
Kf8 22. f4 Bxf4 23. Bxf4 Rxf4 24. h4 Qd6 25. h5 Ke7 26. Rhe1+ Kf8 27. hxg6 fxg6
28. Ne4 Rxe4 29. Bxe4 Re8 30. Qf2+ Kg8 31. Rf1 Rf8 32. Qxf8+ Qxf8 33. Rxf8+
Kxf8 34. Rf1+ Ke7 35. Bxg6 Nxd5 36. Rf7+ Kd6 37. Be4 Ne6 38. Rxb7 Ndc7 39. g6
Ke5 40. Bd3 Nd5 41. Bxa6 1-0

[Event "11. Europa ch 2010 Femenino"]
[Site "Rijeka CRO"]
[Date "2010.03.12"]
[Round "7.13"]
[White "Matveeva, Svetlana"]
[Black "Gaponenko, Inna"]
[Result "1/2-1/2"]
[WhiteElo "2373"]
[BlackElo "2472"]
[PlyCount "110"]
[EventDate "2010.03.06"]
[EventType "swiss"]
[EventRounds "11"]
[EventCountry "CRO"]
[Source "lmi"]
[SourceDate "2010.03.06"]

1. d4 d5 2. c4 e5 3. dxe5 d4 4. Nf3 Nc6 5. a3 Nge7 6. b4 Ng6 7. Bb2 a5 8. b5
Ncxe5 9. Nxe5 Nxe5 10. e3 Be6 11. Bxd4 Nxc4 12. Qc2 Nd6 13. Bd3 Qg5 14. f4 Qh4+
15. g3 Qh5 16. Nc3 Nf5 17. Ne2 Nxd4 18. Nxd4 Qc5 19. Qxc5 Bxc5 20. Nxe6 fxe6
21. Ke2 O-O-O 22. a4 g6 23. Bc4 Rd6 24. Rad1 Re8 25. g4 e5 26. Rxd6 Bxd6 27. f5
Rf8 28. e4 Kd8 29. Rf1 g5 30. f6 Kd7 31. f7 Ke7 32. h4 gxh4 33. Rf5 h6 34. Rh5
Kf6 35. Rxh4 Kg6 36. Rh5 Rd8 37. Rf5 Kg7 38. Bd5 Rb8 39. Kf3 c6 40. bxc6 bxc6
41. Bxc6 Rb3+ 42. Kg2 Rb2+ 43. Kf1 Ra2 44. Ke1 Bb4+ 45. Kd1 Bd6 46. Kc1 Ba3+
47. Kb1 Rb2+ 48. Ka1 Rg2 49. Bd5 Bf8 50. Rxe5 Rxg4 51. Kb2 Rg5 52. Rxg5+ hxg5
53. e5 g4 54. Kb3 g3 55. Kc4 Bb4 1/2-1/2

[Event "11. Europa ch 2010 Femenino"]
[Site "Rijeka CRO"]
[Date "2010.03.12"]
[Round "7.16"]
[White "Manakova, Maria"]
[Black "Romanko Guseva, Marina"]
[Result "0-1"]
[WhiteElo "2315"]
[BlackElo "2409"]
[PlyCount "70"]
[EventDate "2010.03.06"]
[EventType "swiss"]
[EventRounds "11"]
[EventCountry "CRO"]
[Source "lmi"]
[SourceDate "2010.03.06"]

1. e4 c5 2. Nf3 d6 3. d4 cxd4 4. Nxd4 Nf6 5. Nc3 a6 6. Be2 e5 7. Nb3 Be7 8. O-O
O-O 9. Be3 Be6 10. Nd5 Nxd5 11. exd5 Bf5 12. Qd2 Nd7 13. c4 a5 14. f4 exf4 15.
Bxf4 Bg6 16. Kh1 Re8 17. Bd3 a4 18. Bxg6 axb3 19. Bb1 Nc5 20. Be3 bxa2 21. Rxa2
Rxa2 22. Bxa2 Ne4 23. Qb4 Bg5 24. Bg1 Qe7 25. Qb5 Ra8 26. Bb3 Bh4 27. c5 Ng3+
28. hxg3 Bxg3 29. Rf4 Bxf4 30. g3 Bxg3 31. Qd3 Be5 32. Bc2 Qh4+ 33. Kg2 Qg4+
34. Kf1 Ra1+ 35. Bb1 Qg6 0-1

[Event "11. Europa ch 2010 Femenino"]
[Site "Rijeka CRO"]
[Date "2010.03.12"]
[Round "7.19"]
[White "Purtseladze, Maka"]
[Black "Mkrtchian, Lilit"]
[Result "1/2-1/2"]
[WhiteElo "2299"]
[BlackElo "2503"]
[PlyCount "102"]
[EventDate "2010.03.06"]
[EventType "swiss"]
[EventRounds "11"]
[EventCountry "CRO"]
[Source "lmi"]
[SourceDate "2010.03.06"]

1. Nf3 c5 2. g3 Nc6 3. c4 g6 4. Nc3 Bg7 5. Bg2 d6 6. a3 a5 7. O-O e5 8. d3 Nge7
9. Ne1 O-O 10. Nc2 Be6 11. Ne3 h6 12. Ned5 Rb8 13. Rb1 Kh7 14. Bd2 b6 15. b4
axb4 16. axb4 Bxd5 17. Nxd5 Nxd5 18. Bxd5 Ne7 19. Bg2 b5 20. bxc5 bxc4 21. dxc4
dxc5 22. Rxb8 Qxb8 23. Ba5 Qa7 24. Bc3 Qc7 25. Qa4 f5 26. Rd1 Rd8 27. Rxd8 Qxd8
28. Qa1 Qd6 29. f4 g5 30. Bxe5 Bxe5 31. Qxe5 Qxe5 32. fxe5 Ng6 33. e6 Kg7 34.
Bd5 Kf6 35. Kf2 Nf8 36. e4 Ng6 37. exf5 Kxf5 38. h3 Ne7 39. Kf3 h5 40. Ke3 Ke5
41. Bf3 Nf5+ 42. Kf2 h4 43. gxh4 gxh4 44. Bd5 Kf4 45. Ke2 Ne7 46. Kd3 Ng6 47.
Ke2 Ne7 48. Bf3 Ng6 49. Bh5 Ne7 50. Kd3 Ke5 51. Bg4 Kf4 1/2-1/2

[Event "11. Europa ch 2010 Femenino"]
[Site "Rijeka CRO"]
[Date "2010.03.12"]
[Round "7.20"]
[White "Paehtz, Elisabeth"]
[Black "Berend, Elvira"]
[Result "0-1"]
[WhiteElo "2486"]
[BlackElo "2299"]
[PlyCount "96"]
[EventDate "2010.03.06"]
[EventType "swiss"]
[EventRounds "11"]
[EventCountry "CRO"]
[Source "lmi"]
[SourceDate "2010.03.06"]

1. e4 e5 2. Nf3 Nc6 3. Bc4 Bc5 4. c3 Nf6 5. d3 a6 6. Bb3 d6 7. h3 h6 8. Nbd2
Ba7 9. Nf1 d5 10. Qe2 O-O 11. g4 dxe4 12. dxe4 Nh7 13. Bd2 Be6 14. O-O-O Bxb3
15. axb3 Qe7 16. Ne3 Bxe3 17. Bxe3 a5 18. Qb5 Qf6 19. Nd2 b6 20. h4 Qe6 21. g5
h5 22. Nc4 Rfe8 23. Qd5 Nf8 24. Kc2 Rad8 25. Qxe6 Nxe6 26. Rd5 f6 27. gxf6 gxf6
28. Bd2 Ne7 29. Rxd8 Rxd8 30. Ne3 Nc5 31. Rg1+ Kh7 32. f3 Nxb3 33. Be1 a4 34.
Rg2 b5 35. Bg3 c6 36. Bh2 Ng6 37. Nf5 Na1+ 38. Kc1 Rd3 39. Rf2 c5 40. Bg3 b4
41. cxb4 cxb4 42. Bh2 Nb3+ 43. Kc2 Rd7 44. f4 Rc7+ 45. Kd3 Nc1+ 46. Ke3 a3 47.
bxa3 bxa3 48. fxe5 fxe5 0-1

[Event "11. Europa ch 2010 Femenino"]
[Site "Rijeka CRO"]
[Date "2010.03.12"]
[Round "7.21"]
[White "Melia, Salome"]
[Black "Dolukhanova, Evgeniya"]
[Result "1-0"]
[WhiteElo "2467"]
[BlackElo "2297"]
[PlyCount "145"]
[EventDate "2010.03.06"]
[EventType "swiss"]
[EventRounds "11"]
[EventCountry "CRO"]
[Source "lmi"]
[SourceDate "2010.03.06"]

1. e4 c5 2. Nf3 Nc6 3. d4 cxd4 4. Nxd4 Nf6 5. Nc3 e5 6. Ndb5 d6 7. Bg5 a6 8.
Na3 b5 9. Bxf6 gxf6 10. Nd5 f5 11. Bd3 Be6 12. O-O Bg7 13. Qh5 f4 14. c4 O-O
15. cxb5 Nd4 16. Bc4 axb5 17. Nxb5 Nxb5 18. Bxb5 Bxd5 19. exd5 f5 20. a4 e4 21.
Rab1 Ra7 22. b4 Be5 23. Rb3 Rg7 24. Rh3 f3 25. g3 Qb6 26. Qh6 Bd4 27. Qe6+ Kh8
28. Rh5 f4 29. Qxe4 fxg3 30. hxg3 Rxg3+ 31. Kh1 Rg7 32. Rg1 Qa7 33. Rhg5 Rxg5
34. Rxg5 Bf6 35. Qxf3 Qe7 36. Rg4 Bd4 37. Qe4 Be5 38. Kg2 Qf7 39. f3 Qh5 40.
Rh4 Qg5+ 41. Rg4 Qd2+ 42. Be2 Qh6 43. Kf2 Qh2+ 44. Ke3 Re8 45. Kd3 Qh1 46. Qc4
Qa1 47. Qb3 Qe1 48. Re4 Rc8 49. Rc4 Re8 50. Qd1 Qg3 51. Kc2 Bf6 52. Qd3 Qe5 53.
Kd1 Qa1+ 54. Kd2 Qxa4 55. Bd1 Qa7 56. Re4 Rc8 57. Rc4 Re8 58. Re4 Rc8 59. Bc2
Qf2+ 60. Kd1 Qg1+ 61. Re1 Qa7 62. Rh1 Rc7 63. Ke2 Re7+ 64. Kf1 Qa1+ 65. Bb1 Qa7
66. Qf5 Qa6+ 67. Bd3 Qa1+ 68. Bb1 Qa6+ 69. b5 Qxb5+ 70. Bd3 Re1+ 71. Kxe1 Bh4+
72. Rxh4 Qa5+ 73. Kf1 1-0

[Event "11. Europa ch 2010 Femenino"]
[Site "Rijeka CRO"]
[Date "2010.03.12"]
[Round "7.22"]
[White "Gunina, Valentina"]
[Black "Kursova, Maria"]
[Result "1-0"]
[WhiteElo "2457"]
[BlackElo "2296"]
[PlyCount "49"]
[EventDate "2010.03.06"]
[EventType "swiss"]
[EventRounds "11"]
[EventCountry "CRO"]
[Source "lmi"]
[SourceDate "2010.03.06"]

1. d4 Nf6 2. Nf3 e6 3. c4 d5 4. cxd5 exd5 5. Bg5 c6 6. Nc3 Be7 7. Qc2 Nbd7 8.
e3 O-O 9. Bd3 Re8 10. O-O Nf8 11. Ne5 Ng6 12. f4 Nd7 13. Bxe7 Qxe7 14. Rae1
Ngf8 15. e4 dxe4 16. Nxe4 Nxe5 17. dxe5 Rd8 18. Nd6 f6 19. f5 fxe5 20. Bc4+ Be6
21. fxe6 Rxd6 22. Rf7 Qh4 23. e7 Ne6 24. Ref1 Qd4+ 25. Kh1 1-0

[Event "11. Europa ch 2010 Femenino"]
[Site "Rijeka CRO"]
[Date "2010.03.12"]
[Round "7.23"]
[White "Arabidze, Meri"]
[Black "Foisor, Cristina Adela B"]
[Result "1/2-1/2"]
[WhiteElo "2292"]
[BlackElo "2433"]
[PlyCount "146"]
[EventDate "2010.03.06"]
[EventType "swiss"]
[EventRounds "11"]
[EventCountry "CRO"]
[Source "lmi"]
[SourceDate "2010.03.06"]

1. d4 Nf6 2. c4 g6 3. g3 Bg7 4. Bg2 O-O 5. Nf3 d6 6. O-O c6 7. Nc3 Bf5 8. Qb3
Qb6 9. Qxb6 axb6 10. Nh4 Be6 11. d5 cxd5 12. cxd5 Bd7 13. e4 b5 14. Bd2 b4 15.
Nd1 Bb5 16. Re1 Na6 17. f4 Nc5 18. e5 Nfd7 19. Nf2 b3 20. axb3 Rxa1 21. Rxa1
Nxb3 22. Rd1 Nxd2 23. Rxd2 dxe5 24. d6 exd6 25. Rxd6 exf4 26. gxf4 Bf6 27. Nf3
Bxb2 28. Nd4 Bxd4 29. Rxd4 Nc5 30. Ng4 Ra8 31. h3 h5 32. Ne5 Ra4 33. Rd5 b6 34.
Rd6 Bc4 35. Rxb6 Nd3 36. Nxc4 Rxc4 37. Rxg6+ Kf8 38. Rf6 Nxf4 39. Bf1 Rb4 40.
Kf2 Ke7 41. Rh6 f6 42. h4 Ke6 43. Kg3 Ke5 44. Rh7 Kf5 45. Rh6 Rb3+ 46. Kf2 Rb6
47. Kg3 Ke4 48. Bg2+ Nxg2 49. Kxg2 Rb2+ 50. Kg1 f5 51. Rxh5 f4 52. Ra5 Kf3 53.
Ra3+ Kg4 54. Kf1 Kxh4 55. Rc3 Kg4 56. Ra3 Rh2 57. Rb3 Rh5 58. Kf2 Ra5 59. Rc3
Ra4 60. Rb3 Ra7 61. Rc3 Ra2+ 62. Kf1 Kf5 63. Rb3 Ke5 64. Rc3 Kd4 65. Rb3 Rd2
66. Ra3 Ke4 67. Rb3 Rd3 68. Rxd3 Kxd3 69. Kf2 Ke4 70. Ke2 f3+ 71. Kf2 Kf4 72.
Kf1 Ke3 73. Ke1 f2+ 1/2-1/2

[Event "11. Europa ch 2010 Femenino"]
[Site "Rijeka CRO"]
[Date "2010.03.12"]
[Round "7.25"]
[White "Zdebskaja, Natalia"]
[Black "Dolzhikova, Kateryna"]
[Result "1/2-1/2"]
[WhiteElo "2390"]
[BlackElo "2290"]
[PlyCount "39"]
[EventDate "2010.03.06"]
[EventType "swiss"]
[EventRounds "11"]
[EventCountry "CRO"]
[Source "lmi"]
[SourceDate "2010.03.06"]

1. e4 e5 2. Nf3 Nc6 3. Bb5 Nge7 4. O-O g6 5. c3 a6 6. Ba4 Bg7 7. d4 exd4 8.
cxd4 b5 9. Bb3 O-O 10. Re1 d6 11. h3 Na5 12. Bc2 c5 13. Nc3 Nec6 14. Ne2 f5 15.
Bg5 Qb6 16. dxc5 dxc5 17. Nc3 Nc4 18. Na4 Qc7 19. Bb3 Nd4 20. Bxc4+ 1/2-1/2

[Event "11. Europa ch 2010 Femenino"]
[Site "Rijeka CRO"]
[Date "2010.03.12"]
[Round "7.26"]
[White "Guramishvili, Sopiko"]
[Black "Bojkovic, Natasa"]
[Result "1-0"]
[WhiteElo "2266"]
[BlackElo "2384"]
[PlyCount "77"]
[EventDate "2010.03.06"]
[EventType "swiss"]
[EventRounds "11"]
[EventCountry "CRO"]
[Source "lmi"]
[SourceDate "2010.03.06"]

1. d4 Nf6 2. c4 e6 3. Nf3 b6 4. g3 Bb4+ 5. Bd2 Bxd2+ 6. Nbxd2 Bb7 7. Bg2 c5 8.
O-O O-O 9. dxc5 bxc5 10. Qc1 Nc6 11. Rd1 Qc7 12. Nb1 d6 13. Nc3 Rad8 14. Qf4
Qe7 15. Rd2 h6 16. Qh4 Ne5 17. Ne1 Ng6 18. Qh3 Ba6 19. b3 Nh7 20. f4 f5 21. e4
fxe4 22. Bxe4 Qf6 23. Rc1 Ne7 24. Nf3 Nf5 25. Bxf5 exf5 26. Nd5 Qf7 27. Re1
Rfe8 28. Rde2 Rxe2 29. Rxe2 Rd7 30. Nh4 g6 31. g4 Nf6 32. Nxf6+ Qxf6 33. gxf5
gxf5 34. Nxf5 Bc8 35. Re8+ Kh7 36. Rxc8 Qa1+ 37. Qf1 Qxa2 38. Qd3 Qa1+ 39. Kg2
1-0

[Event "11. Europa ch 2010 Femenino"]
[Site "Rijeka CRO"]
[Date "2010.03.12"]
[Round "7.27"]
[White "Bodnaruk, Anastasia"]
[Black "Mamedjarova, Turkan"]
[Result "1/2-1/2"]
[WhiteElo "2384"]
[BlackElo "2269"]
[PlyCount "44"]
[EventDate "2010.03.06"]
[EventType "swiss"]
[EventRounds "11"]
[EventCountry "CRO"]
[Source "lmi"]
[SourceDate "2010.03.06"]

1. e4 e5 2. Nf3 Nf6 3. d4 Nxe4 4. dxe5 Be7 5. Bc4 O-O 6. O-O c6 7. c3 d5 8. Bd3
Nd7 9. Re1 Ndc5 10. Bc2 Bg4 11. b4 Ne6 12. Qd3 f5 13. Nd4 Nxd4 14. Qxd4 Bg5 15.
Nd2 Bh4 16. g3 Be7 17. Nb3 Kh8 18. Kg2 Ng5 19. f4 Bh3+ 20. Kh1 Ne6 21. Qf2 a5
22. bxa5 Nc5 1/2-1/2

[Event "11. Europa ch 2010 Femenino"]
[Site "Rijeka CRO"]
[Date "2010.03.12"]
[Round "7.28"]
[White "Majdan, Joanna"]
[Black "Papp, Petra"]
[Result "1-0"]
[WhiteElo "2364"]
[BlackElo "2263"]
[PlyCount "86"]
[EventDate "2010.03.06"]
[EventType "swiss"]
[EventRounds "11"]
[EventCountry "CRO"]
[Source "lmi"]
[SourceDate "2010.03.06"]

1. e4 c5 2. Nf3 d6 3. d4 cxd4 4. Nxd4 Nf6 5. Nc3 a6 6. Be2 e6 7. a4 Be7 8. O-O
O-O 9. Be3 Nc6 10. f4 Qc7 11. Kh1 Re8 12. Bf3 Rb8 13. Qd2 Na5 14. Qf2 Nc4 15.
Bc1 b6 16. b3 Na5 17. Bd2 Bb7 18. e5 dxe5 19. fxe5 Qxe5 20. Rae1 Qc7 21. Bxb7
Nxb7 22. Ne4 Nc5 23. Ng5 Bd6 24. Qh4 Ncd7 25. Rf3 Nf8 26. Rxf6 gxf6 27. Ne4 Be5
28. Nf3 Ng6 29. Qh6 Qe7 30. Nxe5 fxe5 31. Bg5 f6 32. Nxf6+ Kh8 33. Nxe8 Qf7 34.
Nd6 Qf2 35. Rg1 Rf8 36. Nc4 Qe2 37. Be3 Rf5 38. Bxb6 Rh5 39. Qe3 Qg4 40. h3 Nf4
41. Qxe5+ Kg8 42. Qb8+ Kg7 43. Bc5 Kh6 1-0

[Event "11. Europa ch 2010 Femenino"]
[Site "Rijeka CRO"]
[Date "2010.03.12"]
[Round "7.29"]
[White "Przezdziecka, Marta"]
[Black "Cosma, Elena Luminita"]
[Result "0-1"]
[WhiteElo "2254"]
[BlackElo "2346"]
[PlyCount "90"]
[EventDate "2010.03.06"]
[EventType "swiss"]
[EventRounds "11"]
[EventCountry "CRO"]
[Source "lmi"]
[SourceDate "2010.03.06"]

1. c4 e6 2. Nf3 d5 3. d4 Nf6 4. Bg5 h6 5. Bxf6 Qxf6 6. e3 c6 7. Nc3 Nd7 8. Bd3
dxc4 9. Bxc4 g6 10. O-O Bg7 11. Qc2 O-O 12. Bb3 Qe7 13. Ne4 Rd8 14. Rfd1 Nf8
15. Rac1 Bd7 16. a4 Be8 17. Nc5 a5 18. Bc4 Nd7 19. Nxd7 Rxd7 20. Bb3 Kh8 21.
Nd2 Rdd8 22. Nc4 Qc7 23. f4 b6 24. Qe4 Rac8 25. Ne5 Qd6 26. h4 h5 27. Qf3 Qe7
28. Nxc6 Bxc6 29. Rxc6 Qb4 30. Rxc8 Rxc8 31. Qb7 Rf8 32. Bc2 Qxb2 33. Qc6 Qa3
34. Kf2 Bf6 35. g3 Be7 36. Rd3 Qa2 37. Rd1 Bb4 38. Kf3 Kg7 39. Kf2 Rd8 40. Kf3
Rd6 41. Qe4 Kf8 42. Bd3 Qxa4 43. Rc1 Rd5 44. Bc4 Qc6 45. Qc2 Rf5+ 0-1

[Event "11. Europa ch 2010 Femenino"]
[Site "Rijeka CRO"]
[Date "2010.03.12"]
[Round "7.31"]
[White "Worek, Joanna"]
[Black "Kashlinskaya, Alina"]
[Result "0-1"]
[WhiteElo "2245"]
[BlackElo "2332"]
[PlyCount "172"]
[EventDate "2010.03.06"]
[EventType "swiss"]
[EventRounds "11"]
[EventCountry "CRO"]
[Source "lmi"]
[SourceDate "2010.03.06"]

1. e4 e5 2. Nf3 Nc6 3. Bb5 a6 4. Ba4 Nf6 5. O-O Be7 6. Re1 b5 7. Bb3 d6 8. c3
O-O 9. h3 Nb8 10. a4 Bb7 11. Bc2 Nbd7 12. d4 Re8 13. Nbd2 Bf8 14. Nh2 d5 15.
dxe5 Nxe5 16. axb5 axb5 17. Rxa8 Qxa8 18. Ndf3 Nxf3+ 19. Nxf3 Nxe4 20. Nd4 Nd6
21. Bf4 c6 22. Rxe8 Qxe8 23. b3 c5 24. Nf3 g6 25. Ne5 Qe6 26. f3 Bg7 27. Nd3
Nf5 28. Nxc5 Qb6 29. b4 Bxc3 30. Kh2 Bxb4 31. Nxb7 Qxb7 32. Bxf5 gxf5 33. Qb1
Qe7 34. Qxf5 Bd6 35. Qc8+ Kg7 36. Qg4+ Kh8 37. h4 b4 38. h5 f6 39. Kh3 Bxf4 40.
Qxf4 Kg7 41. g4 b3 42. Qb8 Qe3 43. Qb7+ Kh6 44. Qxd5 b2 45. Qf5 Qd4 46. g5+
fxg5 47. Qe6+ Kxh5 48. Qf7+ Kh6 49. Qe6+ Kg7 50. Qe7+ Kg6 51. Qe8+ Kf5 52. Qf7+
Ke5 53. Qg7+ Kd5 54. Qxg5+ Kc4 55. Qg8+ Kc3 56. Qxh7 Qd3 57. Qc7+ Kb3 58. Qb6+
Kc2 59. Qf2+ Qd2 60. Qc5+ Qc3 61. Qf2+ Kb3 62. Qf1 Kc2 63. Qe2+ Kb3 64. Qb5+
Ka2 65. Qe2 Qc6 66. Kg3 Ka1 67. Qe5 Qg6+ 68. Kh4 Qh6+ 69. Kg3 Qg6+ 70. Kh4 Qh6+
71. Kg3 Qa6 72. Kh4 Ka2 73. Qd5+ Ka3 74. Qc5+ Kb3 75. Qe3+ Ka2 76. Qd2 Qc4+ 77.
f4 Kb3 78. Qd1+ Ka3 79. Qd6+ Qb4 80. Qd3+ Ka2 81. Qa6+ Kb3 82. Qd3+ Qc3 83.
Qd1+ Kc4 84. Kh5 Qh8+ 85. Kg4 Qg7+ 86. Kf3 Qb7+ 0-1

[Event "11. Europa ch 2010 Femenino"]
[Site "Rijeka CRO"]
[Date "2010.03.12"]
[Round "7.33"]
[White "Vega Gutierrez, Sabrina"]
[Black "Mrvova, Alena"]
[Result "1/2-1/2"]
[WhiteElo "2314"]
[BlackElo "2239"]
[PlyCount "49"]
[EventDate "2010.03.06"]
[EventType "swiss"]
[EventRounds "11"]
[EventCountry "CRO"]
[Source "lmi"]
[SourceDate "2010.03.06"]

1. e4 c5 2. Nf3 d6 3. d4 cxd4 4. Nxd4 Nf6 5. Nc3 Nc6 6. Bc4 e6 7. Be3 Be7 8.
Qe2 O-O 9. O-O-O Qc7 10. Bb3 a6 11. g4 Nxd4 12. Rxd4 e5 13. Rc4 Qd8 14. g5 Nd7
15. Nd5 Bxg5 16. Rg1 Bxe3+ 17. Qxe3 Kh8 18. Qg3 g6 19. f4 b5 20. Rc6 exf4 21.
Qxf4 Ne5 22. Nf6 Kg7 23. Nh5+ Kh8 24. Nf6 Kg7 25. Nh5+ 1/2-1/2

[Event "11. Europa ch 2010 Femenino"]
[Site "Rijeka CRO"]
[Date "2010.03.12"]
[Round "7.34"]
[White "Gromova, Iulia"]
[Black "Schneider, Veronika"]
[Result "1/2-1/2"]
[WhiteElo "2226"]
[BlackElo "2314"]
[PlyCount "70"]
[EventDate "2010.03.06"]
[EventType "swiss"]
[EventRounds "11"]
[EventCountry "CRO"]
[Source "lmi"]
[SourceDate "2010.03.06"]

1. d4 Nf6 2. c4 g6 3. f3 d5 4. cxd5 Nxd5 5. e4 Nb6 6. Nc3 Bg7 7. Be3 O-O 8. Qd2
Nc6 9. O-O-O e5 10. d5 Nd4 11. f4 c5 12. fxe5 Bxe5 13. Nf3 Nxf3 14. gxf3 Qf6
15. f4 Bxc3 16. bxc3 Bg4 17. e5 Qh4 18. Be2 Nxd5 19. Qxd5 Bxe2 20. Rd2 Rad8 21.
Qxc5 Rc8 22. Qa3 Qg4 23. Re1 Ba6 24. Kb2 Qf3 25. e6 fxe6 26. Rd7 Qg2+ 27. Ka1
Qc6 28. Re7 Rf7 29. Bd4 Bc4 30. h4 Bd5 31. h5 Qc4 32. Rxf7 Kxf7 33. hxg6+ hxg6
34. Qb2 b5 35. Qh2 Ke7 1/2-1/2

[Event "11. Europa ch 2010 Femenino"]
[Site "Rijeka CRO"]
[Date "2010.03.12"]
[Round "7.35"]
[White "Isgandarova, Khayala"]
[Black "Khotenashvili, Bela"]
[Result "0-1"]
[WhiteElo "2224"]
[BlackElo "2448"]
[PlyCount "52"]
[EventDate "2010.03.06"]
[EventType "swiss"]
[EventRounds "11"]
[EventCountry "CRO"]
[Source "lmi"]
[SourceDate "2010.03.06"]

1. e4 c5 2. Nf3 d6 3. d4 cxd4 4. Nxd4 Nf6 5. Nc3 Nc6 6. h3 e5 7. Nb3 Be6 8. Be3
Be7 9. Be2 O-O 10. O-O a6 11. f4 b5 12. Bf3 Bc4 13. Rf2 exf4 14. Bxf4 Ne5 15.
Nd4 b4 16. Nce2 Nxf3+ 17. gxf3 d5 18. e5 Nh5 19. Be3 Qd7 20. Kh2 Bh4 21. Rg2 f6
22. Rg4 fxe5 23. Rg1 exd4 24. Nxd4 Qd6+ 25. Kh1 Ng3+ 26. Kg2 Nf1 0-1

[Event "11. Europa ch 2010 Femenino"]
[Site "Rijeka CRO"]
[Date "2010.03.12"]
[Round "7.36"]
[White "Tarasova, Viktoriya"]
[Black "Vasilevich, Tatjana"]
[Result "1/2-1/2"]
[WhiteElo "2261"]
[BlackElo "2414"]
[PlyCount "38"]
[EventDate "2010.03.06"]
[EventType "swiss"]
[EventRounds "11"]
[EventCountry "CRO"]
[Source "lmi"]
[SourceDate "2010.03.06"]

1. d4 g6 2. c4 Bg7 3. e4 d6 4. Nc3 Nc6 5. Be3 e5 6. Nge2 exd4 7. Nxd4 Nge7 8.
h4 O-O 9. h5 Re8 10. hxg6 hxg6 11. Be2 a6 12. Qd2 Ne5 13. Bg5 f6 14. Bh6 Bh8
15. f3 N7c6 16. Nxc6 bxc6 17. Be3 Qe7 18. g4 Be6 19. b3 Rad8 1/2-1/2

[Event "11. Europa ch 2010 Femenino"]
[Site "Rijeka CRO"]
[Date "2010.03.12"]
[Round "7.37"]
[White "Kovanova, Baira"]
[Black "Videnova, Iva"]
[Result "1-0"]
[WhiteElo "2385"]
[BlackElo "2258"]
[PlyCount "93"]
[EventDate "2010.03.06"]
[EventType "swiss"]
[EventRounds "11"]
[EventCountry "CRO"]
[Source "lmi"]
[SourceDate "2010.03.06"]

1. e4 c5 2. Nf3 Nc6 3. d3 g6 4. g3 Bg7 5. Bg2 d6 6. c3 e5 7. O-O Nge7 8. Be3
O-O 9. Nbd2 b6 10. Nb3 d5 11. Nh4 d4 12. cxd4 cxd4 13. Bd2 a5 14. f4 Ba6 15. f5
gxf5 16. Nxf5 Bxd3 17. Qg4 Nxf5 18. exf5 h5 19. Qxh5 Rc8 20. Qg4 f6 21. h4 Rf7
22. Rf2 Kf8 23. Re1 Ne7 24. Qh5 Rc2 25. g4 Rxb2 26. g5 fxg5 27. Qxg5 Qd6 28. h5
Nxf5 29. Qg4 Rxa2 30. h6 Bh8 31. Qf3 e4 32. Rxe4 Bxe4 33. Qxe4 Rxd2 34. Qa8+
Ke7 35. Nxd2 Qxh6 36. Qc8 Be5 37. Nf3 Qd6 38. Bh3 Rg7+ 39. Kf1 Ng3+ 40. Ke1 Ne4
41. Qb7+ Qc7 42. Qxe4 Qc1+ 43. Ke2 Qc4+ 44. Kd1 Qb3+ 45. Rc2 Qb1+ 46. Kd2 d3
47. Qxd3 1-0

[Event "11. Europa ch 2010 Femenino"]
[Site "Rijeka CRO"]
[Date "2010.03.12"]
[Round "7.38"]
[White "Fuchs, Judith"]
[Black "Girya, Olga"]
[Result "0-1"]
[WhiteElo "2222"]
[BlackElo "2362"]
[PlyCount "70"]
[EventDate "2010.03.06"]
[EventType "swiss"]
[EventRounds "11"]
[EventCountry "CRO"]
[Source "lmi"]
[SourceDate "2010.03.06"]

1. e4 c6 2. d4 d5 3. exd5 cxd5 4. c4 Nf6 5. Nc3 g6 6. cxd5 Bg7 7. Bc4 O-O 8.
Nge2 Nbd7 9. Qb3 Ne8 10. O-O Nd6 11. Bd3 Nf6 12. Re1 b6 13. Bg5 Bb7 14. f3 Qd7
15. Rad1 Rad8 16. Kh1 Qc8 17. Ng3 h6 18. Bf4 Qa8 19. Rxe7 Nxd5 20. Bxd6 Rxd6
21. Nxd5 Bxd5 22. Qa3 Qd8 23. Qxa7 Bxa2 24. Bb5 Be6 25. Ne2 Bxd4 26. Nxd4 Rxd4
27. Rf1 Rb4 28. Bc6 Rxb2 29. Be4 Qd2 30. Rg1 Bh3 31. f4 Qxf4 32. Qa3 Re2 33.
Qd3 Re3 34. Qb1 Bf5 35. Rf1 Qh4 0-1

[Event "11. Europa ch 2010 Femenino"]
[Site "Rijeka CRO"]
[Date "2010.03.12"]
[Round "7.40"]
[White "Motoc, Alina"]
[Black "Fakhiridou, Ekaterini"]
[Result "1-0"]
[WhiteElo "2348"]
[BlackElo "2252"]
[PlyCount "105"]
[EventDate "2010.03.06"]
[EventType "swiss"]
[EventRounds "11"]
[EventCountry "CRO"]
[Source "lmi"]
[SourceDate "2010.03.06"]

1. d4 f5 2. c4 Nf6 3. g3 g6 4. Bg2 Bg7 5. Nc3 O-O 6. Nh3 d6 7. d5 Na6 8. O-O
Nc5 9. Nf4 Nce4 10. Nxe4 fxe4 11. h4 Qe8 12. Qc2 Bf5 13. Be3 Qf7 14. Rad1 h6
15. Qd2 Ng4 16. Bd4 c5 17. Bxg7 Qxg7 18. Ne6 Bxe6 19. dxe6 Rxf2 20. Bxe4 Raf8
21. Bxb7 Qe5 22. Qd3 Rxf1+ 23. Rxf1 Rxf1+ 24. Kxf1 Qf6+ 25. Ke1 Qf2+ 26. Kd2
Ne5 27. Qc3 Kg7 28. Bd5 Qf5 29. a3 g5 30. hxg5 Qxg5+ 31. Qe3 Qf5 32. b4 Qb1 33.
Qc3 Qg1 34. Be4 Kf6 35. Bd5 Kg7 36. b5 Qb1 37. a4 Qa2+ 38. Qc2 Qa1 39. Qb3 Qd4+
40. Kc2 Qa1 41. Kd2 Qd4+ 42. Kc1 Qa1+ 43. Kc2 Kf6 44. g4 Kg7 45. Bf3 Kf6 46.
Bd5 Kg7 47. e3 Kf6 48. Kd2 Kg7 49. Qc2 Qa3 50. Ke2 Nxg4 51. Qd2 Ne5 52. a5 Nxc4
53. Bxc4 1-0